Najlepsi polscy all-rounderzy (wg średnich) - Statystyki

Ogólne statystyki
  • Ten quiz został rozwiązany 147 razy
    8 od ostatniego zresetowania
  • Średni wynik to 12 z 20
Statystyki odpowiedzi
Sum of ranks (average) Speedcuber % Poprawnych
283 Magdalena Pabisz
100%
319 Tomasz Pietruszka
100%
582 Tymon Kolasiński
100%
521 Antoni Stojek
88%
535 Oskar Hanuszkiewicz
88%
446 Michał Krasowski
75%
603 Maksymilian Kulas
63%
751 Olaf Kuźmiński
63%
613 Adam Kędziorski
50%
503 Bartłomiej Owczarek
50%
346 Kajetan Opach
50%
440 Łukasz Burliga
50%
756 Maciej Skowroński
50%
610 Szymon Zastawny
50%
724 Gabriel Rejdych
38%
700 Karol Zakrzewski
38%
652 Piotr Olszewski
38%
702 Dawid Wójcik
25%
666 Jakub Hamkało
25%
675 Adam Chodyniecki
13%
Nie znaleziono quizów pasujących do podanych kryteriów
Rozkład punktacji
Procent ludzi z każdym wynikiem
Percentyl według liczby udzielonych odpowiedzi
Twoja historia wyników
Nie rozwiązałeś tego quizu od ostatniego zresetowania